[Event "WchJT U26"]
[Site "Graz"]
[Date "1972.??.??"]
[Round "4"]
[White "Belliard, Luis"]
[Black "Fedder, Steen"]
[Result "0-1"]
[WhiteElo "2200"]
[BlackElo "2370"]
[PlyCount "66"]
[EventDate "1972.??.??"]
[EventType "team"]
[EventRounds "9"]
[EventCountry "AUT"]
[Source "Fruth,M"]
[SourceDate "2003.05.15"]

1. d4 d5 2. c4 e6 3. Nc3 c5 4. cxd5 cxd4 5. Qa4+ Bd7 6. Qxd4 exd5 7. Nf3 Nc6 8.
Qd1 Nf6 9. e3 Bg4 10. Be2 Bc5 11. O-O O-O 12. b3 a6 13. Bb2 Qd6 14. Nd4 Bd7 15.
Nc2 Rad8 16. Bf3 Bf5 17. Na4 Ba7 18. Nd4 Bg6 19. Nxc6 bxc6 20. Qe2 Ne4 21. g3
c5 22. Bg2 Rfe8 23. Rfd1 d4 24. Qc4 Bh5 25. Rdc1 Nd2 26. Qd3 dxe3 27. Qxd6
exf2+ 28. Kxf2 Rxd6 29. Nxc5 Re2+ 30. Kg1 Nf3+ 31. Kh1 Rxg2 32. Kxg2 Rd2+ 33.
Kf1 Bg4 0-1

[Event "Reggio Emilia7576 IT"]
[Site "Reggio Emilia"]
[Date "1975.??.??"]
[Round "?"]
[White "Toth, Bela"]
[Black "Beggi, Pierluigi"]
[Result "0-1"]
[WhiteElo "2375"]
[BlackElo "2250"]
[PlyCount "60"]
[EventDate "1975.12.??"]
[EventType "tourn"]
[EventRounds "13"]
[EventCountry "ITA"]
[EventCategory "4"]
[Source "Fruth,M"]
[SourceDate "2003.05.15"]

1. d4 d5 2. c4 e6 3. Nc3 c5 4. cxd5 cxd4 5. Qa4+ Bd7 6. Qxd4 exd5 7. Qxd5 Nc6
8. Nf3 Nf6 9. Qd1 Qa5 10. Bd2 Qh5 11. e3 Qg4 12. Rc1 Be7 13. h3 Qh5 14. Be2 O-O
15. e4 Rad8 16. O-O Bd6 17. Bg5 Bxh3 18. Bxf6 gxf6 19. Qd5 Qg4 20. Ne1 Qf4 21.
Nf3 Bxg2 22. Qh5 Bxf1 23. Rxf1 Ne5 24. Kh1 Kh8 25. Nxe5 Bxe5 26. Bg4 Bxc3 27.
Bf5 h6 28. bxc3 Rd3 29. c4 Rc3 30. Rg1 Rg8 0-1

[Event "URS-chYM"]
[Site "Vilnius"]
[Date "1978.??.??"]
[Round "11"]
[White "Agzamov, Georgy"]
[Black "Rastenis, Gedeminas"]
[Result "1-0"]
[WhiteElo "2390"]
[BlackElo "2200"]
[PlyCount "139"]
[EventDate "1978.??.??"]
[EventType "tourn"]
[EventRounds "15"]
[EventCountry "URS"]
[EventCategory "7"]
[Source "Fruth,M"]
[SourceDate "2003.05.15"]

1. d4 d5 2. c4 e6 3. Nc3 c5 4. cxd5 cxd4 5. Qa4+ Bd7 6. Qxd4 exd5 7. Nf3 Nc6 8.
Qd1 Be6 9. e3 Nf6 10. Be2 Bd6 11. O-O O-O 12. Nb5 Bb8 13. b3 Ne4 14. Bb2 a6 15.
Nbd4 Qe7 16. Rc1 Bd7 17. Nxc6 bxc6 18. Rc2 a5 19. a4 Bd6 20. Nd4 Nc5 21. Rc1
Rfe8 22. Ba1 f5 23. Qc2 Rf8 24. g3 Rab8 25. Bc3 Qd8 26. Bb2 Qe7 27. Ba3 Ne4 28.
Nxc6 Bxc6 29. Bxd6 Qxd6 30. Qxc6 Qxc6 31. Rxc6 Rxb3 32. Ra6 Ra3 33. Rxa5 Nc3
34. Bf3 Rxa4 35. Bxd5+ Kh8 36. Rxa4 Nxa4 37. Rc1 g6 38. Rc7 Rd8 39. Bb3 Nb2 40.
h4 Nd3 41. Kf1 Ne5 42. h5 Ng4 43. Bf7 Rd6 44. Ke2 Rf6 45. f3 Nh6 46. hxg6 hxg6
47. Bd5 Ra6 48. e4 fxe4 49. fxe4 Ra3 50. Kf2 Ng4+ 51. Kg2 Ne3+ 52. Kh3 Rd3 53.
Rd7 Nf1 54. Kg4 Nxg3 55. Ra7 Nf1 56. Kg5 Rg3+ 57. Kh6 Rh3+ 58. Kxg6 Rg3+ 59.
Kf6 Rf3+ 60. Kg6 Rg3+ 61. Kh6 Rh3+ 62. Kg5 Rg3+ 63. Kf4 Rg7 64. Ra8+ Kh7 65. e5
Rc7 66. Ra1 Nd2 67. Rd1 Rc2 68. e6 Kg7 69. e7 Rc8 70. Bc6 1-0

[Event "URS-ch otbor"]
[Site "Beltsy"]
[Date "1979.??.??"]
[Round "?"]
[White "Lerner, Konstantin Z"]
[Black "Lputian, Smbat G"]
[Result "0-1"]
[WhiteElo "2475"]
[BlackElo "2200"]
[PlyCount "77"]
[EventDate "1979.??.??"]
[EventType "swiss"]
[EventRounds "9"]
[EventCountry "URS"]
[Source "Fruth,M"]
[SourceDate "2003.05.15"]

1. c4 e6 2. Nc3 d5 3. d4 c5 4. cxd5 cxd4 5. Qa4+ Bd7 6. Qxd4 exd5 7. Qxd5 Nf6
8. Qd1 Nc6 9. Nf3 Qb6 10. e3 O-O-O 11. Bd2 Qxb2 12. Rb1 Qa3 13. Be2 Bg4 14. O-O
Bb4 15. Nd4 Bxe2 16. Ncxe2 Bxd2 17. Qxd2 Nxd4 18. Nxd4 Rd7 19. Rb5 Kb8 20. Ra5
Qe7 21. Rc1 Rc7 22. Rb1 Rhc8 23. f3 Rc5 24. Nf5 Qc7 25. Rxc5 Qxc5 26. Nxg7 Nd5
27. Re1 Nf4 28. Kh1 Ng6 29. e4 Qc2 30. Qd6+ Ka8 31. Nf5 Qxa2 32. h3 a6 33. Rd1
Qe2 34. Rb1 Qc2 35. Qb4 Rc7 36. Ne3 Qc5 37. Nd5 Qxb4 38. Nxc7+ Kb8 39. Nxa6+
0-1

[Event "Sydney IT"]
[Site "Sydney"]
[Date "1979.10.29"]
[Round "11.5"]
[White "Purdy, Cecil John Seddon"]
[Black "Rogers, Ian"]
[Result "0-1"]
[WhiteElo "2250"]
[BlackElo "2390"]
[PlyCount "93"]
[EventDate "1979.10.17"]
[EventType "tourn"]
[EventRounds "11"]
[EventCountry "AUS"]
[EventCategory "3"]
[Source "Fruth,M"]
[SourceDate "2003.05.15"]

1. d4 d5 2. c4 e6 3. Nc3 c5 4. cxd5 cxd4 5. Qxd4 Nc6 6. Qd1 exd5 7. Qxd5 Bd7 8.
Nf3 Nf6 9. Qd1 Bc5 10. e3 Qe7 11. Be2 O-O-O 12. Bd2 g5 13. O-O Kb8 14. Rc1 g4
15. Nd4 Qe5 16. Ncb5 Ne4 17. Qc2 Nxd2 18. Qxd2 a6 19. Qc3 Nxd4 20. exd4 Qxe2
21. Qg3+ Ka8 22. Nc7+ Ka7 23. dxc5 Rc8 24. Nd5 Bb5 25. a4 Bc6 26. Rfe1 Qxb2 27.
Ne7 Rce8 28. Nxc6+ bxc6 29. Qxg4 Qb7 30. h3 Qc7 31. Qf5 Rhg8 32. Qxh7 Qf4 33.
Qd3 Qc7 34. Qd6 Qxd6 35. cxd6 Rxe1+ 36. Rxe1 Kb6 37. d7 Rd8 38. Re7 c5 39. Kf1
Ka5 40. h4 c4 41. Ke2 Kxa4 42. Kd2 Kb3 43. Kc1 a5 44. h5 a4 45. h6 a3 46. Kb1
c3 47. Ka1 0-1

[Event "WLS-ch 80"]
[Site "Cardiff"]
[Date "1980.01.02"]
[Round "4"]
[White "Jones, Iolo C"]
[Black "Cunningham, Phil"]
[Result "1/2-1/2"]
[WhiteElo "2245"]
[BlackElo "2240"]
[PlyCount "34"]
[EventDate "1979.12.30"]
[EventType "tourn"]
[EventRounds "7"]
[EventCountry "WLS"]
[EventCategory "1"]
[Source "Fruth,M"]
[SourceDate "2003.05.15"]

1. c4 e6 2. Nc3 d5 3. d4 c5 4. cxd5 cxd4 5. Qxd4 Nc6 6. Qa4 exd5 7. e3 Nf6 8.
Nf3 Bd6 9. Be2 O-O 10. O-O a6 11. h3 Re8 12. Rd1 Bc7 13. e4 Nxe4 14. Rxd5 Qe7
15. Qxe4 Qxe4 16. Nxe4 Rxe4 17. Be3 Re8 1/2-1/2

[Event "Berlin tt"]
[Site "Berlin"]
[Date "1980.??.??"]
[Round "?"]
[White "De Lange, Daan"]
[Black "Defize, Alain"]
[Result "0-1"]
[WhiteElo "2290"]
[BlackElo "2200"]
[PlyCount "102"]
[EventDate "1980.??.??"]
[EventType "swiss"]
[EventCountry "GER"]
[Source "Fruth,M"]
[SourceDate "2003.05.15"]

1. d4 d5 2. c4 e6 3. Nc3 c5 4. cxd5 cxd4 5. Qxd4 Nc6 6. Qd1 exd5 7. Qxd5 Bd7 8.
Bg5 Nf6 9. Qd2 Qa5 10. Bxf6 gxf6 11. Nd5 Qxd2+ 12. Kxd2 O-O-O 13. e4 f5 14. Rd1
fxe4 15. Kc1 Be6 16. Ne3 Rxd1+ 17. Nxd1 Bxa2 18. Ne2 Bh6+ 19. Ne3 Rd8 20. Nc3
Bb3 21. g3 Nb4 22. Bh3+ Kb8 23. Rf1 Nd3+ 24. Kb1 Nxf2 25. Rxf2 Bxe3 26. Re2 Bg1
27. Rxe4 Bxh2 28. Rb4 Be6 29. Bxe6 fxe6 30. Rh4 Bxg3 31. Rxh7 Be5 32. Ne4 Rh8
33. Rf7 Rh2 34. Nc5 Rxb2+ 35. Kc1 Rb5 36. Nxe6 a5 37. Nf8 Ka7 38. Nd7 Rd5 39.
Kc2 Ka6 40. Kb3 b5 41. Re7 a4+ 42. Kc2 Bd6 43. Re6 Ka5 44. Nf6 Rc5+ 45. Kb1 Bf4
46. Re4 Rf5 47. Nd7 b4 48. Kc2 Kb5 49. Rd4 Bh6 50. Rd6 Rf2+ 51. Kb1 Rf1+ 0-1

[Event "Berlin tt"]
[Site "Berlin"]
[Date "1980.??.??"]
[Round "?"]
[White "Hartston, William R"]
[Black "Messa, Roberto"]
[Result "1-0"]
[WhiteElo "2465"]
[BlackElo "2265"]
[PlyCount "63"]
[EventDate "1980.??.??"]
[EventType "swiss"]
[EventCountry "GER"]
[Source "Fruth,M"]
[SourceDate "2003.05.15"]

1. d4 d5 2. c4 e6 3. Nc3 c5 4. cxd5 cxd4 5. Qa4+ Bd7 6. Qxd4 exd5 7. Qxd5 Nc6
8. Nf3 Nf6 9. Qd1 Bc5 10. e3 Qe7 11. Be2 g5 12. O-O g4 13. Nd4 O-O-O 14. b4 Bb6
15. b5 Ne5 16. Qb3 g3 17. fxg3 Neg4 18. Bxg4 Bxg4 19. Na4 Bxd4 20. exd4 Nd5 21.
Bf4 Nxf4 22. Rxf4 Be6 23. Qe3 Rhe8 24. Re1 Qd7 25. Qd3 b6 26. Nc3 Bf5 27. Qc4+
Kb8 28. Rxe8 Rxe8 29. d5 Re3 30. Qd4 Rd3 31. Qe5+ Kb7 32. Qxf5 1-0

[Event "Leipzig"]
[Site "Leipzig"]
[Date "1980.??.??"]
[Round "6"]
[White "Knaak, Rainer"]
[Black "Espig, Lutz"]
[Result "1-0"]
[WhiteElo "2535"]
[BlackElo "2440"]
[PlyCount "81"]
[EventDate "1980.??.??"]
[EventType "tourn"]
[EventRounds "13"]
[EventCountry "GER"]
[EventCategory "9"]
[Source "Fruth,M"]
[SourceDate "2003.05.15"]

1. d4 d5 2. c4 e6 3. Nc3 c5 4. cxd5 cxd4 5. Qa4+ Bd7 6. Qxd4 exd5 7. Qxd5 Nc6
8. e3 Nf6 9. Qd1 Bc5 10. Nf3 Qe7 11. a3 O-O-O 12. Bd2 Kb8 13. Qc2 g5 14. Na4
Bd6 15. Nxg5 Rhg8 16. Nf3 Ne4 17. Nc3 Bf5 18. Bd3 Nxd2 19. Bxf5 Nxf3+ 20. gxf3
Nd4 21. Qe4 Nxf5 22. Qxf5 Be5 23. f4 Bxc3+ 24. bxc3 Ka8 25. Ke2 Qc7 26. Rhd1
Qc4+ 27. Kf3 Qc6+ 28. Qe4 Qc5 29. Rxd8+ Rxd8 30. f5 Qxc3 31. Rd1 Rb8 32. Rd7
Qa1 33. Qd5 f6 34. Qd6 a6 35. Rxh7 Qh1+ 36. Ke2 Qe4 37. Qxf6 Qg4+ 38. Kd2 Qf3
39. Ke1 Qh1+ 40. Ke2 Qc1 41. Rh8 1-0

[Event "Rom A IT"]
[Site "Rom"]
[Date "1981.??.??"]
[Round "?"]
[White "Kortschnoj, Viktor"]
[Black "Rodriguez Vargas, Orestes"]
[Result "1-0"]
[WhiteElo "2650"]
[BlackElo "2455"]
[PlyCount "72"]
[EventDate "1981.02.??"]
[EventType "tourn"]
[EventRounds "9"]
[EventCountry "ITA"]
[EventCategory "10"]
[Source "Fruth,M"]
[SourceDate "2003.05.15"]

1. c4 e6 2. Nc3 d5 3. d4 c5 4. cxd5 cxd4 5. Qxd4 Nc6 6. Qd1 exd5 7. Qxd5 Bd7 8.
e3 Nf6 9. Qd1 Bc5 10. Nf3 Qe7 11. a3 O-O-O 12. Qc2 g5 13. b4 g4 14. bxc5 gxf3
15. Nb5 Ne5 16. Nd6+ Kb8 17. Bb2 Bc6 18. g3 Nd5 19. O-O-O f6 20. Bh3 Qc7 21.
Be6 Ba4 22. Qxa4 Rxd6 23. Bxe5 fxe5 24. Qc4 Rxe6 25. Rxd5 h5 26. Kb2 h4 27. g4
h3 28. Qe4 Rc8 29. Rb1 a6 30. Ka2 Qf7 31. Rb3 Ka7 32. Rxe5 Rxe5 33. Qxe5 Rd8
34. Qc3 Qd5 35. g5 Rc8 36. e4 Qxg5 1-0

[Event "Keszthely"]
[Site "Keszthely"]
[Date "1981.??.??"]
[Round "11"]
[White "Chandler, Murray G"]
[Black "Szeles, Karoly"]
[Result "1-0"]
[WhiteElo "2455"]
[BlackElo "2285"]
[PlyCount "49"]
[EventDate "1981.04.??"]
[EventType "tourn"]
[EventRounds "13"]
[EventCountry "HUN"]
[EventCategory "7"]
[Source "Fruth,M"]
[SourceDate "2003.05.15"]

1. d4 d5 2. c4 e6 3. Nc3 c5 4. cxd5 cxd4 5. Qa4+ Bd7 6. Qxd4 exd5 7. Qxd5 Nc6
8. Qd1 Nf6 9. Nf3 Bc5 10. e3 Qe7 11. Be2 O-O-O 12. O-O g5 13. b4 Bxb4 14. Bb2
Rhg8 15. Nd4 Kb8 16. Ncb5 Ne5 17. Qb3 g4 18. Rfc1 Nf3+ 19. Nxf3 gxf3 20. Bxf3
Bxb5 21. a3 Rd2 22. Bd4 Ne4 23. Qxb4 Ng5 24. Rc8+ Rxc8 25. Qxe7 1-0

[Event "Vrnjacka Banja GM IT 11"]
[Site "Vrnjacka Banja"]
[Date "1981.??.??"]
[Round "10"]
[White "Sahovic, Dragutin"]
[Black "Haik, Aldo"]
[Result "0-1"]
[WhiteElo "2470"]
[BlackElo "2405"]
[PlyCount "90"]
[EventDate "1981.04.??"]
[EventType "tourn"]
[EventRounds "15"]
[EventCountry "YUG"]
[EventCategory "7"]
[Source "Fruth,M"]
[SourceDate "2003.05.15"]

1. d4 d5 2. c4 e6 3. Nc3 c5 4. cxd5 cxd4 5. Qxd4 Nc6 6. Qd1 exd5 7. Qxd5 Bd7 8.
Nf3 Nf6 9. Qd1 Bc5 10. e3 Qe7 11. Be2 O-O-O 12. O-O g5 13. a3 Bf5 14. Qa4 g4
15. Nh4 Be6 16. b4 Bb6 17. Qc2 Kb8 18. Na4 Bc7 19. Bb2 Rd5 20. g3 Rh5 21. Nc5
Rxh4 22. Nxe6 Qxe6 23. gxh4 Rg8 24. Rad1 Ne4 25. Bc4 Qe7 26. Bxf7 Bxh2+ 27.
Kxh2 Qxh4+ 28. Kg1 g3 29. f4 g2 30. Qxe4 Qh1+ 31. Kf2 gxf1=Q+ 32. Rxf1 Qxe4 33.
Bxg8 Qc2+ 34. Kf3 Qxb2 35. f5 Ne5+ 36. Ke4 Qg2+ 37. Kxe5 Qxf1 38. f6 Kc7 39.
Bxh7 Kd7 40. Bf5+ Ke8 41. e4 Qa1+ 42. Ke6 Qxa3 43. Bg6+ Kf8 44. e5 Qxb4 45. Kf5
Qd4 0-1

[Event "Porz IT"]
[Site "Porz"]
[Date "1982.??.??"]
[Round "5"]
[White "Hort, Vlastimil"]
[Black "Dankert, Peter"]
[Result "1/2-1/2"]
[WhiteElo "2590"]
[BlackElo "2380"]
[PlyCount "86"]
[EventDate "1982.12.??"]
[EventType "tourn"]
[EventRounds "11"]
[EventCountry "GER"]
[EventCategory "9"]
[Source "Fruth,M"]
[SourceDate "2003.05.15"]

1. d4 d5 2. c4 e6 3. Nc3 c5 4. cxd5 cxd4 5. Qxd4 Nc6 6. Qd1 exd5 7. Qxd5 Bd7 8.
Nf3 Nf6 9. Qb3 Bc5 10. e3 O-O 11. Be2 Be6 12. Qa4 a6 13. O-O b5 14. Qc2 Nb4 15.
Qb1 h6 16. Bd2 Bg4 17. Rd1 Qe7 18. a3 Nc6 19. Qc2 Rac8 20. h3 Bh5 21. Rac1 Ne5
22. Nxe5 Qxe5 23. Bxh5 Qxh5 24. Be1 Bb6 25. Qe2 Qe5 26. Qf3 Rfe8 27. g3 Qe6 28.
Kg2 Qb3 29. Qb7 Rb8 30. Qxa6 Qe6 31. Kh2 h5 32. Ne2 h4 33. a4 hxg3+ 34. Nxg3
Ne4 35. Nxe4 Bc7+ 36. Nd6 Qe5+ 37. Kg2 Rb6 38. Qxb6 Bxb6 39. Nxe8 Qxe8 40. Rd6
Qe4+ 41. Kg1 Bxe3 42. Rc8+ Kh7 43. fxe3 Qb1 1/2-1/2

[Event "BL8485"]
[Site "?"]
[Date "1985.??.??"]
[Round "?"]
[White "Juhnke, Karl"]
[Black "Muse, Mladen"]
[Result "0-1"]
[WhiteElo "2325"]
[BlackElo "2240"]
[PlyCount "104"]
[EventDate "1984.??.??"]
[EventType "team"]
[Source "Fruth,M"]
[SourceDate "2003.05.15"]

1. d4 d5 2. c4 e6 3. Nc3 c5 4. cxd5 cxd4 5. Qxd4 Nc6 6. Qd1 exd5 7. Qxd5 Bd7 8.
Nf3 Nf6 9. Qd1 Bc5 10. e3 Qe7 11. Be2 O-O-O 12. O-O g5 13. b4 Bxb4 14. Bb2 Rhg8
15. Nd5 Nxd5 16. Qxd5 g4 17. Nd4 Rg5 18. Qc4 Bd6 19. g3 Kb8 20. Rab1 Rc8 21.
Rfc1 Rc5 22. Nxc6+ R8xc6 23. Qd4 Be5 24. Qe4 Rxc1+ 25. Bxc1 f5 26. Ba3 Qe6 27.
Qb4 Bc8 28. Qd2 Bc3 29. Qc2 Bb4 30. Qa4 Bxa3 31. Qxa3 Rc2 32. Bd1 Rxa2 33. Qb4
Ra6 34. Be2 Rc6 35. Rd1 Rc7 36. Bf1 Qe7 37. Qf4 Qe4 38. Qd6 Qc6 39. Qf4 Qc2 40.
Rd8 a5 41. Bd3 Qd1+ 42. Kg2 Qf3+ 43. Qxf3 gxf3+ 44. Kxf3 Rc5 45. Rh8 a4 46. Bb1
Ka7 47. Rxh7 Be6 48. Rh4 b5 49. Rh7+ Kb6 50. Rh6 Rc6 51. Kf4 b4 52. Ke5 b3 0-1

[Event "Caorle op"]
[Site "Caorle"]
[Date "1984.??.??"]
[Round "2"]
[White "Fabbri, Mario"]
[Black "Jovicic, Milos"]
[Result "0-1"]
[WhiteElo "2170"]
[BlackElo "2410"]
[PlyCount "50"]
[EventDate "1984.??.??"]
[EventType "swiss"]
[EventRounds "8"]
[EventCountry "ITA"]
[Source "Fruth,M"]
[SourceDate "2003.05.15"]

1. c4 e6 2. Nc3 d5 3. d4 c5 4. cxd5 cxd4 5. Qa4+ Bd7 6. Qxd4 exd5 7. Qxd5 Nc6
8. e3 Nf6 9. Qd1 Bc5 10. Nf3 Qe7 11. Bc4 O-O-O 12. Bd2 g5 13. Qe2 g4 14. Nd4
Rhe8 15. Nb3 Bd6 16. Rc1 Ne4 17. Nxe4 Qxe4 18. Qd3 Qxg2 19. Bd5 Qh3 20. Na5 Kb8
21. Bxf7 Bc7 22. Bxe8 Bxe8 23. Qf5 Ne5 24. Nc4 Qg2 25. Rf1 Bg6 0-1

[Event "BUL-ch"]
[Site "Sofia"]
[Date "1984.??.??"]
[Round "?"]
[White "Velikov, Petar"]
[Black "Zahariev, Zahari"]
[Result "1-0"]
[WhiteElo "2460"]
[BlackElo "2355"]
[PlyCount "75"]
[EventDate "1984.09.??"]
[EventType "tourn"]
[EventRounds "15"]
[EventCountry "BUL"]
[EventCategory "7"]
[Source "Fruth,M"]
[SourceDate "2003.05.15"]

1. d4 e6 2. c4 d5 3. Nc3 c5 4. cxd5 cxd4 5. Qa4+ Bd7 6. Qxd4 exd5 7. Qxd5 Nc6
8. Nf3 Nf6 9. Qd1 Bc5 10. e3 Qe7 11. a3 O-O-O 12. Qc2 Kb8 13. Be2 g5 14. b4 Bb6
15. Na4 g4 16. Nxb6 axb6 17. Nd2 Ne5 18. O-O Rhg8 19. e4 Rc8 20. Qb3 Bc6 21.
Qe3 Ng6 22. b5 Bxe4 23. Bb2 Nd5 24. Qxe4 Qxe4 25. Nxe4 Rc2 26. Nf6 Nxf6 27.
Bxf6 Rxe2 28. Bd4 Re6 29. Rfd1 Nf4 30. Be3 Ne2+ 31. Kf1 Nc3 32. Rd7 f5 33. Rc1
Nxb5 34. a4 Na7 35. Rcc7 Nc6 36. Rxb7+ Ka8 37. Rxb6 Ne5 38. Ra7+ 1-0

[Event "Moscow-B"]
[Site "Moscow"]
[Date "1985.??.??"]
[Round "?"]
[White "Arkhipov, Sergey G"]
[Black "Belov, Igor"]
[Result "1-0"]
[WhiteElo "2550"]
[BlackElo "2200"]
[PlyCount "85"]
[EventDate "1985.04.??"]
[EventType "tourn"]
[EventRounds "13"]
[EventCountry "URS"]
[EventCategory "8"]
[Source "Fruth,M"]
[SourceDate "2003.05.15"]

1. d4 d5 2. c4 e6 3. Nc3 c5 4. cxd5 cxd4 5. Qa4+ Bd7 6. Qxd4 exd5 7. Qxd5 Nf6
8. Qd1 Nc6 9. Nf3 Bc5 10. e3 Qe7 11. Be2 O-O 12. O-O Rad8 13. a3 Bf5 14. Qa4
Ne5 15. Qf4 Nxf3+ 16. Bxf3 Bd3 17. Re1 Rfe8 18. g3 Bd4 19. Bd2 Be5 20. Qb4 Bg6
21. Qxe7 Rxe7 22. Bc1 Kf8 23. a4 Ke8 24. a5 Bxc3 25. bxc3 Ne4 26. h4 Rc7 27.
Ra3 f6 28. Rb3 Nc5 29. Rb5 Nd3 30. Rd1 Rxc3 31. h5 Bf7 32. Bb2 Rc2 33. Rxb7
Rxb2 34. Bc6+ Kf8 35. Rxb2 Bxh5 36. f3 Rc8 37. Rxd3 Rxc6 38. Rd7 Ra6 39. f4 h6
40. Rb8+ Be8 41. Ra8 Re6 42. Kf2 a6 43. Rda7 1-0

[Event "Jajce IT 6 (Women)"]
[Site "Jajce"]
[Date "1986.??.??"]
[Round "9"]
[White "Petek Medic, Mirjana"]
[Black "Voiska, Margarita"]
[Result "0-1"]
[WhiteElo "2165"]
[BlackElo "2245"]
[PlyCount "78"]
[EventDate "1986.??.??"]
[EventType "tourn"]
[EventRounds "13"]
[EventCountry "YUG"]
[Source "Fruth,M"]
[SourceDate "2003.05.15"]

1. d4 d5 2. c4 e6 3. Nc3 c5 4. cxd5 cxd4 5. Qxd4 Nc6 6. Qd1 exd5 7. Qxd5 Bd7 8.
e3 Nf6 9. Qb3 Bc5 10. Nf3 Qe7 11. Be2 O-O-O 12. a3 Kb8 13. Qc2 g5 14. b4 g4 15.
Nd2 Bd6 16. Bb2 Ne5 17. O-O-O a5 18. bxa5 Bxa3 19. Nc4 Bxb2+ 20. Kxb2 Rc8 21.
Rd4 Qb4+ 22. Qb3 Qxb3+ 23. Kxb3 Be6 24. Nb5 Nc6 25. Rf4 Nxa5+ 26. Ka4 Nxc4 27.
Rxf6 Nb6+ 28. Ka3 Rc2 29. Rxe6 fxe6 30. Bxg4 Rxf2 31. Bxe6 Re8 32. Nd4 Rf6 33.
Bb3 Rxe3 34. h4 Rf4 35. Rd1 Nc4+ 36. Kb4 Nb2 37. Rd2 Nd3+ 38. Kc4 b5+ 39. Kc3
Nc5+ 0-1

[Event "OHRA-B"]
[Site "Amsterdam"]
[Date "1986.??.??"]
[Round "5"]
[White "Pieterse, Gert"]
[Black "Marjanovic, Slavoljub"]
[Result "1/2-1/2"]
[WhiteElo "2265"]
[BlackElo "2515"]
[PlyCount "201"]
[EventDate "1986.07.??"]
[EventType "swiss"]
[EventRounds "9"]
[EventCountry "NED"]
[Source "Fruth,M"]
[SourceDate "2003.05.15"]

1. d4 d5 2. c4 e6 3. Nc3 c5 4. cxd5 cxd4 5. Qa4+ Bd7 6. Qxd4 exd5 7. Nf3 Nc6 8.
Qd1 Nf6 9. e3 Bg4 10. Be2 Bc5 11. O-O O-O 12. Nd4 Bxe2 13. Ncxe2 Qd6 14. Nxc6
bxc6 15. b3 Rfe8 16. Ng3 Bb6 17. Bb2 Bc7 18. Qf3 Ne4 19. Qh5 Nxg3 20. hxg3 Re6
21. Rfd1 Qe7 22. Rac1 Re8 23. Rd4 Be5 24. Rh4 h6 25. Bxe5 Rxe5 26. Qf3 c5 27.
Rd1 Rd8 28. Ra4 d4 29. exd4 Red5 30. Qf4 Qd7 31. Rc4 cxd4 32. Qc7 Qe6 33. Qxa7
d3 34. Qe3 Re5 35. Rxd3 Ra8 36. Qd2 Kh7 37. Re3 Rxe3 38. fxe3 Qe5 39. Kh2 Ra6
40. Rf4 Rg6 41. Qf2 Qh5+ 42. Rh4 Qg5 43. Qf3 Qe7 44. Rf4 Kg8 45. Qa8+ Kh7 46.
Qe4 Qd7 47. Qf5 Qa7 48. Rg4 Qxe3 49. Rxg6 fxg6 50. Qd5 h5 51. a4 g5 52. a5 h4
53. gxh4 gxh4 54. Qh5+ Kg8 55. Qd5+ Kh7 56. Qh5+ Kg8 57. Qxh4 Qe5+ 58. Kg1 Qa1+
59. Kf2 Qa2+ 60. Kf1 Qxb3 61. Qd8+ Kh7 62. Qd2 Qc4+ 63. Kf2 Qc5+ 64. Kf3 Qf5+
65. Kg3 Qe5+ 66. Kh4 Qe4+ 67. Kh3 Qf5+ 68. Kh4 Qe4+ 69. g4 Qh1+ 70. Kg3 Qg1+
71. Kh3 Qf1+ 72. Kh2 Qc4 73. Kg3 Qc7+ 74. Kh3 Qc4 75. Qe3 Qf1+ 76. Kg3 Qc4 77.
Qe5 Qd3+ 78. Kh4 Qd8+ 79. g5 Qa8 80. Qf5+ g6 81. Qd7+ Kg8 82. Qe6+ Kh7 83. a6
Qa7 84. Kh3 Qc7 85. Kg4 Kg7 86. Qf6+ Kh7 87. Kf3 Qd7 88. Ke3 Qd5 89. Qe7+ Kg8
90. Qe8+ Kh7 91. Qe7+ Kg8 92. a7 Qb3+ 93. Kd4 Qa4+ 94. Kd5 Qa2+ 95. Ke5 Qe2+
96. Kd6 Qa6+ 97. Kd5 Qd3+ 98. Ke6 Qa6+ 99. Kd5 Qd3+ 100. Ke6 Qe4+ 101. Kd6
1/2-1/2

[Event "ARG-ch"]
[Site "Salta"]
[Date "1987.??.??"]
[Round "8"]
[White "Soppe, Guillermo"]
[Black "Bronstein, Luis Marcos"]
[Result "1-0"]
[WhiteElo "2350"]
[BlackElo "2400"]
[PlyCount "107"]
[EventDate "1987.??.??"]
[EventType "tourn"]
[EventRounds "15"]
[EventCountry "ARG"]
[Source "Fruth,M"]
[SourceDate "2003.05.15"]

1. d4 e6 2. c4 d5 3. Nc3 c5 4. cxd5 cxd4 5. Qa4+ Bd7 6. Qxd4 exd5 7. Qxd5 Nc6
8. Nf3 Nf6 9. Qd1 Bc5 10. e3 Qe7 11. Be2 O-O 12. O-O Rad8 13. a3 Rfe8 14. Qc2
Bg4 15. b4 Bd6 16. Nb5 Bb8 17. Bb2 Rd5 18. Nbd4 Rc8 19. Qd1 Ne5 20. Re1 Rcd8
21. Nxe5 Qxe5 22. g3 h5 23. Rc1 Qg5 24. f4 Qg6 25. Qc2 Qxc2 26. Rxc2 Bxe2 27.
Rexe2 a6 28. Kg2 Ne4 29. Rc1 a5 30. b5 Ba7 31. a4 Nc5 32. Rc4 Bb6 33. Nf3 Rd1
34. Bd4 Nd7 35. Rec2 Bxd4 36. Rxd4 Nb6 37. Rxd8+ Rxd8 38. Nd4 Re8 39. Kf3 Ra8
40. Rc7 Nxa4 41. Rxb7 Nb2 42. Rc7 Na4 43. Rc6 Kf8 44. Ra6 Rxa6 45. bxa6 Nb6 46.
Ke4 a4 47. Nb5 Ke7 48. Kd4 Kd7 49. Kc5 Na8 50. e4 f6 51. f5 Kc8 52. Kc6 Kb8 53.
a7+ Kc8 54. h3 1-0

[Event "NOR-ch"]
[Site "Kristiansand"]
[Date "1987.??.??"]
[Round "?"]
[White "Tisdall, Jonathan D"]
[Black "Agdestein, Espen"]
[Result "1-0"]
[WhiteElo "2450"]
[BlackElo "2355"]
[PlyCount "67"]
[EventDate "1987.??.??"]
[EventType "swiss"]
[EventCountry "NOR"]
[Source "Fruth,M"]
[SourceDate "2003.05.15"]

1. d4 d5 2. c4 e6 3. Nc3 c5 4. cxd5 cxd4 5. Qa4+ Bd7 6. Qxd4 exd5 7. Qxd5 Nc6
8. Nf3 Nf6 9. Qb3 Bc5 10. e3 Qe7 11. Be2 O-O-O 12. Bd2 g5 13. Na4 Bd6 14. Nxg5
Rhg8 15. Nxf7 Be6 16. Nxd6+ Qxd6 17. Qc2 Ne4 18. O-O-O Nxf2 19. Ba5 Nxd1 20.
Rxd1 Qxh2 21. Bxd8 Rxd8 22. Nc5 Qe5 23. Rxd8+ Kxd8 24. Qd3+ Kc8 25. Nxe6 Qxe6
26. a3 h6 27. Bf3 Ne5 28. Qc3+ Kb8 29. Qd4 Kc7 30. Bd5 Qd6 31. Bxb7 Nd3+ 32.
Kc2 Ne1+ 33. Kd2 Qg3 34. Qf4+ 1-0

[Event "NLD-ch"]
[Site "?"]
[Date "1987.??.??"]
[Round "?"]
[White "Pieterse, Gert"]
[Black "Kuijf, Marinus"]
[Result "1/2-1/2"]
[WhiteElo "2290"]
[BlackElo "2470"]
[PlyCount "98"]
[EventDate "1987.06.??"]
[EventType "tourn"]
[EventRounds "11"]
[EventCountry "NED"]
[EventCategory "8"]
[Source "Fruth,M"]
[SourceDate "2003.05.15"]

1. d4 d5 2. c4 e6 3. Nc3 c5 4. cxd5 cxd4 5. Qa4+ Bd7 6. Qxd4 exd5 7. Nf3 Nc6 8.
Qxd5 Nf6 9. Qb3 Bc5 10. Bg5 Qa5 11. Bxf6 gxf6 12. e3 Rg8 13. a3 O-O-O 14. Qb5
Qxb5 15. Nxb5 a6 16. Nc3 Ne5 17. Rc1 Kb8 18. b4 Ba7 19. Nxe5 fxe5 20. g3 Bc6
21. Rg1 f5 22. Bc4 Rgf8 23. Rd1 Rc8 24. Be6 Rc7 25. Rd6 Bf3 26. Kd2 f4 27. gxf4
exf4 28. exf4 Re7 29. f5 Kc7 30. Rd3 Bxf2 31. Rf1 Bc6 32. Nd5+ Bxd5 33. Rxd5
Bh4 34. Rg1 Bf6 35. Kd3 Kb8 36. Rc1 Ree8 37. a4 Rd8 38. Rc4 Rxd5+ 39. Bxd5 Rd8
40. Ke4 Rc8 41. Rxc8+ Kxc8 42. Kf4 b5 43. axb5 axb5 44. Kg4 Kd8 45. Kh5 Ke7 46.
Kh6 Bc3 47. h4 Kf6 48. Be4 Bxb4 49. Kxh7 Be1 1/2-1/2

[Event "NLD-ch"]
[Site "?"]
[Date "1987.??.??"]
[Round "?"]
[White "Van der Sterren, Paul"]
[Black "Kuijf, Marinus"]
[Result "0-1"]
[WhiteElo "2520"]
[BlackElo "2470"]
[PlyCount "70"]
[EventDate "1987.06.??"]
[EventType "tourn"]
[EventRounds "11"]
[EventCountry "NED"]
[EventCategory "8"]
[Source "Fruth,M"]
[SourceDate "2003.05.15"]

1. d4 d5 2. c4 e6 3. Nc3 c5 4. cxd5 cxd4 5. Qxd4 Nc6 6. Qd1 exd5 7. Qxd5 Bd7 8.
Nf3 Nf6 9. Qb3 Be6 10. Qa4 Bc5 11. e3 O-O 12. Be2 a6 13. O-O b5 14. Qh4 Rc8 15.
Rd1 Qb6 16. Bd2 h6 17. Rac1 Rfd8 18. Be1 Ng4 19. h3 Be7 20. Qg3 Nf6 21. Nh2 Na5
22. Ng4 Nxg4 23. Bxg4 Nc4 24. b3 Nb2 25. Rxd8+ Rxd8 26. Bxe6 Qxe6 27. Ne2 Bd6
28. Qh4 Be7 29. Qh5 Nd3 30. Rd1 Nxe1 31. Rxe1 Rd2 32. Nf4 Qc6 33. Rd1 g6 34.
Qg4 h5 35. Nxh5 f5 0-1